000 00649nam a22002177a 4500
005 20251108173439.0
008 250721s9999 xx 000 0 ara d
082 1 4 _a811.962/ام
100 1 _aالقصاص، محمد
245 1 0 _aديوان اسماعيل صبري : تراثنا /
264 1 _aبيروت :
_bدار احياء العربي،
300 _a391ص.
650 1 7 _aالشعر الأدبي
650 1 7 _aمصر
650 1 7 _aالشعراء العرب
650 1 7 _aالتحليل الأدبي
700 1 _aبحيري، عامر محمد
700 1 _aزكي، أحمد كمال
942 _2ddc
_cBK
999 _c104096
_d104096